Statistics for iPhones By Release Date

Click here to take the quiz!

General Stats

  • This quiz has been taken 24 times
  • The average score is 12 of 16

Answer Stats

YearAnswer% Correct
2007iPhone
95%
2012iPhone 5
86%
2014iPhone 6 | iPhone 6 Plus
86%
2010iPhone 4
82%
2013iPhone 5S | iPhone 5C
77%
2017iPhone 8 | iPhone 8 Plus | iPhone X
77%
2016iPhone SE (First Generation) | iPhone 7 | iPhone 7 Plus
77%
2008iPhone 3G
73%
2009iPhone 3GS
68%
2011iPhone 4S
68%
2015iPhone 6S | iPhone 6S Plus
68%
2019iPhone 11 | iPhone 11 Pro | iPhone 11 Pro Max
64%
2021iPhone 13 | iPhone 13 Mini | iPhone 13 Pro | iPhone 13 Pro Max
64%
2020iPhone SE (Second Generation) | iPhone 12 | iPhone 12 Mini | iPhone 12 Pro | iPhone 12 Pro Max
64%
2022iPhone SE (Third Generation) | iPhone 14 | iPhone 14 Pro | iPhone 14 Pro Max | iPhone 14 Plus
64%
2018iPhone XS | iPhone XS Max | iPhone XR
59%

Score Distribution

Percentile by Number Answered

Percent of People with Each Score

Your Score History

You have not taken this quiz